| 000 | 00433nam a22001577a 4500 | ||
|---|---|---|---|
| 999 |
_c41122 _d41122 |
||
| 003 | OSt | ||
| 005 | 20210312122653.0 | ||
| 008 | 210312b ||||| |||| 00| 0 eng d | ||
| 020 | _a9788177224238 | ||
| 040 | _coclc | ||
| 082 |
_a428.0076 _bDRE/E |
||
| 245 | _aEssays For TOEFL And IELTS / | ||
| 260 |
_aNew Delhi: _bDreamtech, _c2009. |
||
| 300 | _a262p | ||
| 942 |
_2ddc _cBK _h428.0076 _iDRE/E _k428.0076 _mDRE/E |
||